书目信息 |
| 题名: |
青少年发明创造简明教程
|
|
| 作者: | 王力红 主编 | |
| 分册: | ||
| 出版信息: | 杭州 浙江教育出版社 1999 |
|
| 页数: | 122页 | |
| 开本: | 20cm | |
| 丛书名: | 创新教育丛书 | |
| 单 册: | ||
| 中图分类: | G305 | |
| 科图分类: | ||
| 主题词: | 创造学 , 发明创造 | |
| 电子资源: | ||
| ISBN: | 7-5338-3274-4 | |
| 000 | 00648nam2 2200229 45 | |
| 001 | 0304011021 | |
| 005 | 20041111113540.4 | |
| 010 | @a7-5338-3274-4@dCNY5.00 | |
| 100 | @a20030401d1999 km y0chiy0120 ea | |
| 101 | 0 | @achi |
| 105 | @a z 000yy | |
| 200 | 1 | @a青少年发明创造简明教程@AQing Shao Nian Fa Ming Chuang Zao Jian Ming Jiao Cheng@f王力红主编@FWang Li Hong Zhu Bian |
| 210 | @a杭州@c浙江教育出版社@d1999 | |
| 215 | @a122页@d20cm | |
| 225 | @a创新教育丛书 | |
| 410 | @12001 @a创新教育丛书 | |
| 606 | 0 | @a创造学 |
| 606 | 0 | @a发明创造 |
| 690 | @aG305@v4 | |
| 701 | 0 | @a王力红@4主编 |
| 801 | @aCN@bTSTC@c20030401 | |
| 905 | @dG305@e101 | |
| 青少年发明创造简明教程/王力红主编.-杭州:浙江教育出版社,1999 |
| 122页;20cm.-(创新教育丛书) |
| ISBN 7-5338-3274-4:CNY5.00 |
| ● |
| 相关链接 |
|
|
|
|
正题名:青少年发明创造简明教程
索取号:G305/101
 
预约/预借
| 序号 | 登录号 | 条形码 | 馆藏地/架位号 | 状态 | 备注 |
| 1 | 0322038 | 203220380 | 第四借阅区/ [索取号:G305/101] | 在馆 | |
| 2 | 0322039 | 203220399 | 第四借阅区/ [索取号:G305/101] | 在馆 | |
| 3 | 0322040 | 203220406 | 第四借阅区/ [索取号:G305/101] | 在馆 | |
| 4 | 0322041 | 203220415 | 第四借阅区/ [索取号:G305/101] | 在馆 | |
| 5 | 0322042 | 203220424 | 第一样本阅览室/ [索取号:G305/101] | 在馆 |